书目信息 |
| 题名: |
民主与教育
|
|
| 作者: | 杜威 著 ;薛绚 译 | |
| 分册: | ||
| 出版信息: | 南京 译林出版社 2014 |
|
| 页数: | 310页 | |
| 开本: | 21cm | |
| 丛书名: | ||
| 单 册: | ||
| 中图分类: | G40-06 , G40-097.12 | |
| 科图分类: | ||
| 主题词: | ||
| 电子资源: | ||
| ISBN: | 978-7-5447-4900-8 | |
| 000 | 01133nam0 2200301 450 | |
| 001 | 337709 | |
| 005 | 20150526095159.93 | |
| 010 | @a978-7-5447-4900-8@dCNY50.00 | |
| 100 | @a20141105d2014 em y0chiy50 ea | |
| 101 | 1 | @achi@ceng |
| 102 | @aCN@b320000 | |
| 105 | @ay z 000yy | |
| 106 | @ar | |
| 200 | 1 | @a民主与教育@Amin zhu yu jiao yu@f(美) 约翰·杜威著@g薛绚译 |
| 210 | @a南京@c译林出版社@d2014 | |
| 215 | @a310页@d21cm | |
| 300 | @a汉译经典 | |
| 305 | @a由英属盖曼群岛商网络与书股份有限公司授权 | |
| 312 | @a封面英文题名:Democracy and education | |
| 330 | @a本书详述了实用主义的教育理论, 结合民主的理念剖析教育事业所面临的问题。书中不仅探讨了教育的性质、作用及目的等抽象的内容, 同时也涵盖教育过程中遇到的具体问题, 例如不同学科价值的定位、教材的性质以及劳动、休闲与教育的关系等。 | |
| 510 | 1 | @aDemocracy and education@zeng |
| 600 | 0 | @a杜威@c(Dewey, John@f1859-1952)@x实用主义教育思想 |
| 690 | @aG40-06@v5 | |
| 690 | @aG40-097.12@v5 | |
| 701 | 0 | @c(美)@a杜威@Adu wei@c(Dewey, John@f1859 1952)@4著 |
| 702 | 0 | @a薛绚@Axue xuan@c(英语)@4译 |
| 801 | 0 | @aCN@b卓展宏图@c20150525 |
| 905 | @dG40-06@e645@f4 | |
| 民主与教育/(美) 约翰·杜威著/薛绚译.-南京:译林出版社,2014 |
| 310页;21cm |
| 汉译经典 |
| ISBN 978-7-5447-4900-8:CNY50.00 |
| 本书详述了实用主义的教育理论, 结合民主的理念剖析教育事业所面临的问题。书中不仅探讨了教育的性质、作用及目的等抽象的内容, 同时也涵盖教育过程中遇到的具体问题, 例如不同学科价值的定位、教材的性质以及劳动、休闲与教育的关系等。 |
| ● |
| 相关链接 |
|
|
|
|
正题名:民主与教育
索取号:G40-06/645
 
预约/预借
| 序号 | 登录号 | 条形码 | 馆藏地/架位号 | 状态 | 备注 |
| 1 | 854382 | 208543824 | 第一样本阅览室/ [索取号:G40-06/645] | 在馆 | |
| 2 | 854383 | 208543833 | 教育系资料室/ [索取号:G40-06/645] | 在馆 | |
| 3 | 854384 | 208543842 | 第四借阅区/ [索取号:G40-06/645] | 在馆 | |
| 4 | 854385 | 208543851 | 第四借阅区/ [索取号:G40-06/645] | 在馆 |